00259nam a2200109Ia 4500008004100000100001800041245001700059260004200076300000900118942000700127999001500134190216s9999||||xx |||||||||||||| ||und|| aWilfred Brown 0aOrganisation bHeinemann Educational Books Ltdc1971 a395p cBK c4512d4512